| 000 | 00754nam a2200253 a 4500 | ||
|---|---|---|---|
| 008 | |||
| 020 | _a0333362519 (pbk.) | ||
| 049 | _aMAIN | ||
| 090 | _aQA845 | ||
| 100 | 1 | _aBridgeman, T. | |
| 245 | 1 | 0 |
_aNewton's laws and particle motion / _cTony Bridgeman, P. C. Chatwin, C. Plumpton. |
| 260 |
_aLondon : _bMacmillan Education, _c1984. |
||
| 300 |
_aviii, 62 p. : _bill. ; _c24 cm. |
||
| 440 | 0 | _aCore books in advanced mathematics. | |
| 500 | _aIncludes index. | ||
| 650 | 0 | _aMechanics, Analytic. | |
| 700 | 1 | _aChatwin, P. C. | |
| 700 | 1 |
_aPlumpton, C. _q(Charles) |
|
| 907 |
_a.b10047864 _b27-11-03 _c17-04-03 |
||
| 003 | |||
| 005 | 20230123133516.0 | ||
| 040 | _cNUST | ||
| 942 |
_cBOOKS _kQA845 |
||
| 999 |
_c149809 _d149809 |
||